Introduction to number theory
Αποθηκεύτηκε σε:
| Κύριος συγγραφέας: | |
|---|---|
| Άλλοι συγγραφείς: | |
| Μορφή: | Βιβλίο |
| Γλώσσα: | English |
| Δημοσίευση: |
Berlin :
Springer-Verlag,
1982.
|
| Θέματα: | |
| Ετικέτες: |
Προσθήκη ετικέτας
Δεν υπάρχουν, Καταχωρήστε ετικέτα πρώτοι!
|
MARC
| LEADER | 00000cam a2200000 i 4500 | ||
|---|---|---|---|
| 001 | 1/60226 | ||
| 008 | 941103s1982 gw ||| | eng|| | ||
| 020 | |a 3540108181 | ||
| 035 | |a 1988 |l 10046216 | ||
| 040 | |a GR-MyUA |b gre |e AACR2 | ||
| 041 | 1 | |a eng | |
| 082 | 0 | |a 512.7 | |
| 100 | 1 | |a Hua, Lo-keng, |d 1910-1985. | |
| 245 | 1 | 0 | |a Introduction to number theory / |c Hua Loo Keng ; translated from the Chinese by Peter Shiu. |
| 260 | |a Berlin : |b Springer-Verlag, |c 1982. | ||
| 300 | |a 572 σ. ; |c 24 εκ. | ||
| 500 | |a Περιέχει βιβλιογραφικές αναφορές και ευρετήριο. | ||
| 650 | 0 | 0 | |a Number theory. |
| 700 | 1 | |a Shiu, Peter, |e trl | |
| 852 | |a INST |b SAMOS |e 19941103 |h 512.7 HUA |p 005300001535 |q 005300001535 |t BK |y 0 | ||
| 909 | |a Σ |b 009236 | ||